MARC details
| 000 -CABECERA |
| campo de control de longitud fija |
01452nam a2200421 a 4500 |
| 001 - NÚMERO DE CONTROL |
| campo de control |
000011061 |
| 003 - IDENTIFICADOR DEL NÚMERO DE CONTROL |
| campo de control |
DO-SdBNP |
| 005 - FECHA Y HORA DE LA ÚLTIMA TRANSACCIÓN |
| campo de control |
20251029141617.0 |
| 008 - DATOS DE LONGITUD FIJA--INFORMACIÓN GENERAL |
| campo de control de longitud fija |
930111s1992 ve ad 001 0 spa d |
| 020 ## - NÚMERO INTERNACIONAL ESTÁNDAR DEL LIBRO |
| Número Internacional Estándar del Libro |
9802594709 |
| 040 ## - FUENTE DE LA CATALOGACIÓN |
| Centro catalogador/agencia de origen |
DO-SdBNP |
| Lengua de catalogación |
spa |
| Centro/agencia transcriptor |
BNPHU |
| 082 ## - NÚMERO DE LA CLASIFICACIÓN DECIMAL DEWEY |
| Número de clasificación |
609.87 |
| Número de documento/Ítem |
C569v |
| 245 03 - MENCIÓN DE TÍTULO |
| Título |
La Ciencia en Venezuela : |
| Resto del título |
pasado, presente y futuro / |
| Mención de responsabilidad, etc. |
Humberto Ruiz Calderón ... [et al.]. ; prólogo José Luis Avila Bello. |
| 260 ## - PUBLICACIÓN, DISTRIBUCIÓN, ETC. |
| Lugar de publicación, distribución, etc. |
Caracas, Venezuela : |
| Nombre del editor, distribuidor, etc. |
Lagoven, |
| Fecha de publicación, distribución, etc. |
1992. |
| 300 ## - DESCRIPCIÓN FÍSICA |
| Extensión |
162 p. : |
| Otras características físicas |
il. ; |
| Dimensiones |
22 cm. |
| 490 1# - MENCIÓN DE SERIE |
| Mención de serie |
Cuadernos Lagoven |
| 490 1# - MENCIÓN DE SERIE |
| Mención de serie |
Medio milenio |
| 500 ## - NOTA GENERAL |
| Nota general |
Incluye índices |
| 504 ## - NOTA DE BIBLIOGRAFÍA, ETC. |
| Nota de bibliografía, etc. |
Bibliográfia: p. 145-154 |
| 650 #4 - PUNTO DE ACCESO ADICIONAL DE MATERIA--TÉRMINO DE MATERIA |
| Término de materia o nombre geográfico como elemento de entrada |
Ciencia y tecnología |
| Subdivisión geográfica |
Venezuela |
| 9 (RLIN) |
26540 |
| 650 #4 - PUNTO DE ACCESO ADICIONAL DE MATERIA--TÉRMINO DE MATERIA |
| Término de materia o nombre geográfico como elemento de entrada |
Desarrollo científico y tecnológico |
| Subdivisión geográfica |
Venezuela |
| 9 (RLIN) |
26541 |
| 650 #4 - PUNTO DE ACCESO ADICIONAL DE MATERIA--TÉRMINO DE MATERIA |
| Término de materia o nombre geográfico como elemento de entrada |
Investigación científica |
| Subdivisión geográfica |
Venezuela |
| 9 (RLIN) |
26542 |
| 700 1# - PUNTO DE ACCESO ADICIONAL--NOMBRE DE PERSONA |
| Nombre de persona |
Ruiz Calderon, Humberto. |
| 9 (RLIN) |
26543 |
| 700 1# - PUNTO DE ACCESO ADICIONAL--NOMBRE DE PERSONA |
| Nombre de persona |
Vessuri, Hebe M.C |
| 9 (RLIN) |
26544 |
| 700 1# - PUNTO DE ACCESO ADICIONAL--NOMBRE DE PERSONA |
| Nombre de persona |
Di Prisco, María Cristina |
| 9 (RLIN) |
26545 |
| 700 1# - PUNTO DE ACCESO ADICIONAL--NOMBRE DE PERSONA |
| Nombre de persona |
Freites, Yajaira |
| 9 (RLIN) |
26546 |
| 700 1# - PUNTO DE ACCESO ADICIONAL--NOMBRE DE PERSONA |
| Nombre de persona |
Texera, Yolanda |
| 9 (RLIN) |
26547 |
| 700 1# - PUNTO DE ACCESO ADICIONAL--NOMBRE DE PERSONA |
| Nombre de persona |
Roche, Marcel |
| 9 (RLIN) |
26548 |
| 700 1# - PUNTO DE ACCESO ADICIONAL--NOMBRE DE PERSONA |
| Nombre de persona |
Avila Bello, José |
| 9 (RLIN) |
26549 |
| 700 1# - PUNTO DE ACCESO ADICIONAL--NOMBRE DE PERSONA |
| Nombre de persona |
Convit, Jacinto |
| 9 (RLIN) |
26550 |
| 700 1# - PUNTO DE ACCESO ADICIONAL--NOMBRE DE PERSONA |
| Nombre de persona |
Avalos, Ignacio |
| 9 (RLIN) |
26551 |
| 700 1# - PUNTO DE ACCESO ADICIONAL--NOMBRE DE PERSONA |
| Nombre de persona |
Jaffé, Walter |
| 9 (RLIN) |
26552 |
| 700 1# - PUNTO DE ACCESO ADICIONAL--NOMBRE DE PERSONA |
| Nombre de persona |
Urbina, Julio |
| 9 (RLIN) |
26553 |
| 700 1# - PUNTO DE ACCESO ADICIONAL--NOMBRE DE PERSONA |
| Nombre de persona |
Avila Bello, José Luis, |
| Término indicativo de función/relación |
pról. |
| 9 (RLIN) |
26554 |
| 830 #0 - PUNTO DE ACCESO ADICIONAL DE SERIE-TÍTULO UNIFORME |
| Título uniforme |
Cuadernos Lagoven. |
| 9 (RLIN) |
26555 |
| 830 #0 - PUNTO DE ACCESO ADICIONAL DE SERIE-TÍTULO UNIFORME |
| Título uniforme |
Medio Milenio |
| 9 (RLIN) |
20727 |
| 942 ## - ELEMENTOS DE PUNTO DE ACCESO ADICIONAL (KOHA) |
| Fuente del sistema de clasificación o colocación |
Dewey Decimal Classification |
| Tipo de ítem Koha |
Libro |